Aspectos sobre manejo y recuperación de arboles ornamentales / (Registro nro. 668)
[ vista simple ]
| 000 -CABECERA | |
|---|---|
| Campo de control | 00858cam a2200229 a 4500 |
| 005 - FECHA Y HORA DE LA ULTIMA TRANSACCION | |
| Campo de control | 20180122120334.0 |
| 008 - ELEMENTOS DE LONGITUD FIJA—INFORMACION GENERAL | |
| Campo de control | 040928s1992 ck a r 00010 spa d |
| 040 ## - FUENTE DE CATALOGACIÓN | |
| Agencia catalogadora original | la |
| Agencia transcriptora | la |
| Agencia Modificadora | CO-BoIAVH |
| 041 0# - IDIOMA | |
| Código de idioma para texto/pista de sonido o título separado | Español |
| 044 ## - PAÍS DE PUBLICACIÓN | |
| País de publicación | Colombia |
| 090 ## - CLASIFICACIÓN LOCAL | |
| Colección | IND- |
| Consecutivo | 76 |
| 100 1# - ASIENTO PRINCIPAL--NOMBRE PERSONAL | |
| Nombre personal | Alvarado Zambrano, Bernabe. |
| 9 (RLIN) | 8639 |
| 245 10 - MENCION DE TITULO | |
| Título | Aspectos sobre manejo y recuperación de arboles ornamentales / |
| Mención de responsabilidad | por Bernabe Alvarado Zambrano. |
| 260 ## - PUBLICACION, DISTRIBUCION, ETC. (PIE DE IMPRENTA) | |
| Lugar de publicación, distribución, etc. | Santafé de Bogotá : |
| Nombre del editor, distribuidor, etc. | Ministerio de agricultura : |
| -- | Inderena, |
| Fecha de publicación, distribución, etc. | 1992. |
| 300 ## - DESCRIPCION FISICA | |
| Extensión | 61 páginas : |
| Otros detalles físicos | ilustraciones ; |
| Dimensiones | 24 x 17 cm. |
| 504 ## - NOTA DE BIBLIOGRAFIA, ETC. | |
| Nota de bibliografía | Incluye bibliografía. |
| 650 #4 - ASIENTO SECUNDARIO DE MATERIA - TERMINO TEMATICO | |
| Término temático o nombre geográfico como elemento de entrada | Árboles ornamentales |
| Subdivisión general | Cultivo |
| Subdivisión geográfica | Colombia. |
| 9 (RLIN) | 89288 |
| 650 #6 - ASIENTO SECUNDARIO DE MATERIA - TERMINO TEMATICO | |
| Término temático o nombre geográfico como elemento de entrada | Plantas leñosas ornamentales |
| Subdivisión general | Cultivo |
| Subdivisión geográfica | Colombia. |
| 9 (RLIN) | 89289 |
| 650 #4 - ASIENTO SECUNDARIO DE MATERIA - TERMINO TEMATICO | |
| Término temático o nombre geográfico como elemento de entrada | Cultivos forestales |
| Subdivisión geográfica | Colombia. |
| 9 (RLIN) | 89290 |
| 650 #6 - ASIENTO SECUNDARIO DE MATERIA - TERMINO TEMATICO | |
| Término temático o nombre geográfico como elemento de entrada | Cultivos leñosos |
| Subdivisión geográfica | Colombia. |
| 9 (RLIN) | 89291 |
| 942 ## - ELEMENTOS ADICIONALES (KOHA) | |
| Sistema de clasificación | Local |
| Tipo de ítem | Libro |
| Withdrawn status | Lost status | Sistema de Clasificación | Damaged status | No para préstamo | Colección | Inventariado | Ubicación Permanente | Ubicación actual | Fecha de adquisición | Fuente de Valor | Total Checkouts | Número topográfico | Inventario / Código de Barras | Date last seen | Ejemplar | Price effective from | Forma de adquisición | Tipo de material |
|---|---|---|---|---|---|---|---|---|---|---|---|---|---|---|---|---|---|---|
| Dewey Decimal Classification | Fondo Inderena | Inventariado 2017 | Bogotá | Bogotá | 15/02/2016 | Instituto | IND-634.92 A47a | 039806 | 15/02/2016 | Ej. 1 | 15/02/2016 | Traslado Inderena | Libro | |||||
| Local | Fondo Inderena | Inventariado 2017 | Bogotá | Bogotá | 18/08/2017 | Instituto | IND-76 | 000948 | 18/08/2017 | Ej. 1 | 18/08/2017 | Traslado Inderena | Libro | |||||
| Local | Fondo Inderena | Inventariado 2017 | Bogotá | Bogotá | 18/08/2017 | Instituto | IND-76 | 042673 | 18/08/2017 | Ej. 3 | 18/08/2017 | Traslado Inderena | Libro | |||||
| Local | Fondo Inderena | Inventariado 2017 | Bogotá | Bogotá | 28/08/2017 | Instituto | IND-76 | 041096 | 28/08/2017 | Ej. 2 | 28/08/2017 | Traslado Inderena | Libro | |||||
| Local | Fondo Inderena | Bogotá | Bogotá | 20/03/2018 | IND-76 | 000949 | 20/03/2018 | Ej. 4 | 20/03/2018 | Traslado Inderena | Libro | |||||||
| Dewey Decimal Classification | Fondo Inderena | Inventariado 2017 | Sala Fabio Quevedo | Sala Fabio Quevedo | 15/02/2016 | Instituto | IND-634.92 A47a | 015284 | 15/02/2016 | Ej. 2 | 15/02/2016 | Traslado Inderena | Libro |